What did the ancient romans do for me? (Record no. 8882)

MARC details
000 -LEADER
fixed length control field 00813nam a22002177a 4500
001 - CONTROL NUMBER
control field 8882
003 - CONTROL NUMBER IDENTIFIER
control field FISKH
005 - DATE AND TIME OF LATEST TRANSACTION
control field 20251028144644.0
008 - FIXED-LENGTH DATA ELEMENTS--GENERAL INFORMATION
fixed length control field 251028b cb ||||| |||| 00| 0 eng d
020 ## - INTERNATIONAL STANDARD BOOK NUMBER
International Standard Book Number 9781432937508
040 ## - CATALOGING SOURCE
Original cataloging agency FISKH
Language of cataloging eng
Transcribing agency FISKH
Modifying agency FISKH
050 ## - LIBRARY OF CONGRESS CALL NUMBER
Classification number DG77 .C37
082 ## - DEWEY DECIMAL CLASSIFICATION NUMBER
Classification number 937
245 ## - TITLE STATEMENT
Title What did the ancient romans do for me?
Statement of responsibility, etc. Patrick Catel
260 ## - PUBLICATION, DISTRIBUTION, ETC.
Place of publication, distribution, etc. Illinois :
Name of publisher, distributor, etc. Heinemann,
Date of publication, distribution, etc. 2011.
300 ## - PHYSICAL DESCRIPTION
Extent 32 pages :
Other physical details color illustrations ;
Dimensions 25 cm
520 ## - SUMMARY, ETC.
Summary, etc. From concrete to aqueducts to heating systems the Ancient Romans continue to influence all aspects of contemporary life. Read this book to find out more about how we encounter links to the ancient world every day.
650 ## - SUBJECT ADDED ENTRY--TOPICAL TERM
Topical term or geographic name entry element Ancient Civilizations
Form subdivision Ancient History
General subdivision Ancient Rome
942 ## - ADDED ENTRY ELEMENTS (KOHA)
Source of classification or shelving scheme Dewey Decimal Classification
Koha item type Books
Suppress in OPAC No

No items available.